La reforma de las prestaciones por cese de actividad (Registro nro. 46661)
[ vista simple ]
| 000 -CABECERA | |
|---|---|
| Longitud fija campo de control | 01173naa a2200301 c 4500 |
| 001 - NÚMERO DE CONTROL | |
| Número de control | 46661 |
| 003 - IDENTIFICADOR DE NÚMERO DE CONTROL | |
| Identificador del número de control | ES-MaCES |
| 005 - FECHA Y HORA DE LA ÚLTIMA TRANSACCIÓN | |
| Fecha y hora de la última transacción | 20151209141443.0 |
| 008 - CAMPO FIJO DE DESCRIPCIÓN FIJA--INFORMACIÓN GENERAL | |
| Códigos de información de longitud fija | 151113s2015 sp ||||| t||||||| ||spa d |
| 040 ## - FUENTE DE CATALOGACIÓN | |
| Centro catalogador de origen | ES-MaCES |
| Lengua de catalogación | spa |
| Centro transcriptor | ES-MaCES |
| Centro modificado | ES-MaCES |
| 041 ## - CÓDIGO DE IDIOMA | |
| Código de lengua del texto;banda sonora o título independiente | spa |
| 100 1# - ENCABEZAMIENTO PRINCIPAL--NOMBRE PERSONAL | |
| 9 (RLIN) | 13963 |
| Nombre de persona | Gorelli Hernández, Juan |
| 245 13 - MENCIÓN DE TÍTULO | |
| Título | La reforma de las prestaciones por cese de actividad |
| Resto del título | = The reform of the provision for cessation |
| Mención de responsabilidad, etc. | Juan Gorelli Hernández |
| 500 ## - NOTA GENERAL | |
| Nota general | Resumen |
| 650 #4 - ASIENTO SECUNDARIO DE MATERIA--TÉRMINO DE MATERIA | |
| 9 (RLIN) | 30170 |
| Término de materia o nombre geográfico como elemento inicial | trabajo a cuenta propia |
| 650 #4 - ASIENTO SECUNDARIO DE MATERIA--TÉRMINO DE MATERIA | |
| 9 (RLIN) | 28412 |
| Término de materia o nombre geográfico como elemento inicial | trabajador independiente |
| 650 #4 - ASIENTO SECUNDARIO DE MATERIA--TÉRMINO DE MATERIA | |
| 9 (RLIN) | 30800 |
| Término de materia o nombre geográfico como elemento inicial | régimen especial de trabajadores autónomos |
| 650 #4 - ASIENTO SECUNDARIO DE MATERIA--TÉRMINO DE MATERIA | |
| 9 (RLIN) | 27034 |
| Término de materia o nombre geográfico como elemento inicial | seguridad social |
| 650 #4 - ASIENTO SECUNDARIO DE MATERIA--TÉRMINO DE MATERIA | |
| 9 (RLIN) | 29064 |
| Término de materia o nombre geográfico como elemento inicial | cierre de empresa |
| 650 #4 - ASIENTO SECUNDARIO DE MATERIA--TÉRMINO DE MATERIA | |
| 9 (RLIN) | 30465 |
| Término de materia o nombre geográfico como elemento inicial | pago de prestaciones |
| 650 #4 - ASIENTO SECUNDARIO DE MATERIA--TÉRMINO DE MATERIA | |
| 9 (RLIN) | 29076 |
| Término de materia o nombre geográfico como elemento inicial | protección social |
| 650 #4 - ASIENTO SECUNDARIO DE MATERIA--TÉRMINO DE MATERIA | |
| 9 (RLIN) | 29855 |
| Término de materia o nombre geográfico como elemento inicial | legislación de seguridad social |
| 650 #4 - ASIENTO SECUNDARIO DE MATERIA--TÉRMINO DE MATERIA | |
| 9 (RLIN) | 29892 |
| Término de materia o nombre geográfico como elemento inicial | reforma legislativa |
| 653 10 - TÉRMINO DE INDEXACIÓN--NO CONTROLADO | |
| Término no controlado | Seguridad Social |
| 773 0# - ENTRADA DE DOCUMENTO FUENTE | |
| Itemnumber del ítem fuente | 83605 |
| Lugar, editor y fecha de publicación | Murcia Laborum 2014- |
| Otro identificador del documento | 086507 |
| Título | Revista de Derecho de la Seguridad Social |
| Número de control del registro relacionado | (ES-MaCES)46201 |
| Parte(s) relacionada(s) | n. 5 (4º trim. 2015) {55/1132 R. 086507} ;p. 29-62 |
| 902 ## - CES. TIPO DE DOCUMENTO | |
| Tipodoc (006$c Sirtex) | ART Artículo de revista |
| 942 ## - ELEMENTOS KOHA | |
| Fuente de clasificaión o esquema | Clasificación propia del CES |
| Koha [por defecto] tipo de item | Artículos (1982-2017) |
| Parte de clasificación | Seguridad social |
No hay ítems disponibles.
